Mechanics of materials / (Record no. 599075)
[ view plain ]
| 000 -LEADER | |
|---|---|
| fixed length control field | 00429nam a2200133Ia 4500 |
| 008 - FIXED-LENGTH DATA ELEMENTS--GENERAL INFORMATION | |
| fixed length control field | 230907s9999||||xx |||||||||||||| ||und|| |
| 082 ## - DEWEY DECIMAL CLASSIFICATION NUMBER | |
| Classification number | 620.1 |
| Author Mark | GER |
| 100 ## - MAIN ENTRY--PERSONAL NAME | |
| Personal name | Gere, James M. |
| 9 (RLIN) | 2985 |
| 245 #0 - TITLE STATEMENT | |
| Title | Mechanics of materials / |
| 260 ## - PUBLICATION, DISTRIBUTION, ETC. | |
| Place of publication, distribution, etc. | Cengage Learning, |
| Name of publisher, distributor, etc. | Stamford, CT : |
| Date of publication, distribution, etc. | 2013 |
| 300 ## - PHYSICAL DESCRIPTION | |
| Extent | xx, 1130 p. : |
| 650 ## - SUBJECT ADDED ENTRY--TOPICAL TERM | |
| Topical term or geographic name entry element | Textbooks. Textbooks. Textbooks. Problems, exercises, etc. Problems, exercises, etc. |
| 9 (RLIN) | 115655 |
| 942 ## - ADDED ENTRY ELEMENTS (KOHA) | |
| Koha item type | Book |
| Withdrawn status | Lost status | Damaged status | Not for loan | Permanent Location | Current Location | Date acquired | Total Checkouts | Full call number | Barcode | Date last seen | Price effective from | Koha item type |
|---|---|---|---|---|---|---|---|---|---|---|---|---|
| US-Pakistan Center for Advanced Studies in Energy (USPCAS-E) | US-Pakistan Center for Advanced Studies in Energy (USPCAS-E) | 08/17/2019 | 620.1 GER | CAS-E0003174 | 09/12/2023 | 09/12/2023 | Book |
